| 000 | 02077cam a22004214i 4500 | ||
|---|---|---|---|
| 003 | PE-LiUPU | ||
| 005 | 20250731183407.0 | ||
| 008 | 171122b2013 sp a r 000 0 spa d | ||
| 020 | _a9788493992873 | ||
| 035 | _a(Sirsi) a240173 | ||
| 040 |
_aPE-LiUPU _bspa _cPE-LiUPU _erda |
||
| 049 | _aPRUA | ||
| 082 | 0 | 4 |
_a711 _bA7 _220 |
| 245 | 0 | 0 |
_aArqueología de la memoria reciente : _bconstrucción de la ciudad y el territorio en España, 1986-2012 / _cJordi Doce, Esther Ramón, Elena Iglesias Serna, Javier Abellán. |
| 246 | 3 | 0 | _aConstrucción de la ciudad y el territorio en España, 1986-2012 |
| 264 | 1 |
_aMadrid : _bCírculo de Bellas Artes, _c2013. |
|
| 300 |
_a185 páginas : _bilustraciones ; _c22 centímetros |
||
| 336 |
_atext _2rdacontent |
||
| 337 |
_aunmediated _2rdamedia |
||
| 338 |
_avolume _2rdacarrier |
||
| 505 | 0 | _aArqueología de la memoria reciente -- Economía española 1986-2012 -- Significado territorial de lo construido -- Barcelona -- Lo público en la Barcelona comtemporánea -- Bilbao -- La transformación del bilbao -- Un esfuerzo continuado de arquitectos e ingenieros de caminos -- Madrid -- Construcción de la ciudad y el territorio en Madrid 1986-2002 -- Santiago de compostela -- Compostela, ayer y hoy -- Sevilla -- Sevilla 1986/1992/2002. Una mirada sintética. | |
| 526 | _aP158 | ||
| 526 | _aP146 | ||
| 526 | _aP17 | ||
| 526 | _aP12 | ||
| 526 | _aP06 | ||
| 526 | 8 |
_iPrograma académico : _5PE-LiUPU |
|
| 541 | _g003-001759; | ||
| 650 | 1 | 4 |
_aArquitectura _zEspaña _xHistoria _ySiglo XXI _vExposiciones. |
| 650 | 1 | 4 |
_aCiudades _xRenovación _zEspaña. |
| 650 | 2 | 4 |
_aUrbanismo _zEspaña _vSiglo XX. |
| 700 | 1 |
_aDoce, Jordi, _d1967- _eeditor. |
|
| 910 |
_adbm _beag _ceag _d20171122 |
||
| 942 |
_2ddc _cBOOK |
||
| 994 |
_aC0 _bPEPRU |
||
| 596 | _a1 | ||
| 999 |
_a711 A7 _wDEWEY _c25835 _i77186 _f2021-11-9 _g3 _lCCODEBUL1 _mBUL _p26.00 _r0 _sY _tBOOK _u2017-11-22 _xINGENIERIA _PP06 _0COMPRA _o.STAFF. Colección Ingeniería y Arquitectura _d25835 |
||
| 980 |
_81 _gALBERTO SANCHEZ Responsable de Automatización |
||